Tiefenpsychologie und Theologie: Aufbruch in ein neues Bewußtsein ; eine Einführung
| Main Author: | |
|---|---|
| Format: | Print Book |
| Language: | German |
| Subito Delivery Service: | Order now. |
| Check availability: | HBZ Gateway |
| WorldCat: | WorldCat |
| Interlibrary Loan: | Interlibrary Loan for the Fachinformationsdienste (Specialized Information Services in Germany) |
| Published: |
Zürich
Benziger
1993
|
| In: | Year: 1993 |
| Reviews: | Obrist, Willy, Tiefenpsychologie und Theologie (1994) (Raguse, Hartmut, 1941 -)
Obrist, Willy, Tiefenpsychologie und Theologie (1995) (Biesinger, Albert, 1948 -) Obrist, Willy, Tiefenpsychologie und Theologie (1994) (Raguse, Hartmut, 1941 -) |
| Standardized Subjects / Keyword chains: | B
Depth psychology
B Depth psychology / Theology |
| Further subjects: | B
Psychoanalysis and religion
B Psychology, Religious |
| Sammlungen: |
MARC
| LEADER | 00000cam a2200000 c 4500 | ||
|---|---|---|---|
| 001 | 127388362 | ||
| 003 | DE-627 | ||
| 005 | 20250603092451.0 | ||
| 007 | tu | ||
| 008 | 930827s1993 sz ||||| 00| ||ger c | ||
| 015 | |a 93,N33,0113 |2 dnb | ||
| 015 | |a 93,A47,0315 |2 dnb | ||
| 016 | 7 | |a 930916824 |2 DE-101 | |
| 020 | |a 3545210685 |c (kart.) |9 3-545-21068-5 | ||
| 035 | |a (DE-627)127388362 | ||
| 035 | |a (DE-576)035843098 | ||
| 035 | |a (DE-599)GBV127388362 | ||
| 035 | |a (OCoLC)35763447 | ||
| 035 | |a (OCoLC)35763447 | ||
| 040 | |a DE-627 |b ger |c DE-627 |e rakwb | ||
| 041 | |a ger | ||
| 044 | |c XA-CH | ||
| 050 | 0 | |a BF175.4.R44 | |
| 082 | 0 | 4 | |a 11 |q dnb |
| 084 | |a PSY 730 (10) |2 sfb | ||
| 084 | |a REL 226 |2 sfb | ||
| 084 | |a 11 |a 12 |2 sdnb | ||
| 084 | |a 1 |2 ssgn | ||
| 084 | |a BT 5410 |2 rvk |0 (DE-625)rvk/16761: | ||
| 084 | |a BH 3460 |2 rvk |0 (DE-625)rvk/11666: | ||
| 084 | |a 11.06 |2 bkl | ||
| 100 | 1 | |0 (DE-588)120755866 |0 (DE-627)080870511 |0 (DE-576)162420013 |4 aut |a Obrist, Willy |d 1918-2013 | |
| 109 | |a Obrist, Willy 1918-2013 | ||
| 245 | 1 | 0 | |a Tiefenpsychologie und Theologie |b Aufbruch in ein neues Bewußtsein ; eine Einführung |c Willy Obrist |
| 264 | 1 | |a Zürich |b Benziger |c 1993 | |
| 300 | |a 279 S. | ||
| 336 | |a Text |b txt |2 rdacontent | ||
| 337 | |a ohne Hilfsmittel zu benutzen |b n |2 rdamedia | ||
| 338 | |a Band |b nc |2 rdacarrier | ||
| 583 | 1 | |a Archivierung/Langzeitarchivierung gewährleistet |c 20211213 |f SLG |x XA-DE-BW |z IGPP |2 pdager |5 DE-25 | |
| 583 | 1 | |a Archivierung/Langzeitarchivierung gewährleistet |f SSG |x XA-DE-BW |2 pdager |5 DE-21 | |
| 601 | |a Aufbruch | ||
| 601 | |a Bewusstsein | ||
| 601 | |a Einführung | ||
| 650 | 0 | |a Psychoanalysis and religion | |
| 650 | 0 | |a Psychology, Religious | |
| 689 | 0 | 0 | |d s |0 (DE-588)4060055-5 |0 (DE-627)106141015 |0 (DE-576)209133600 |2 gnd |a Tiefenpsychologie |
| 689 | 0 | |5 DE-101 | |
| 689 | 1 | 0 | |d s |0 (DE-588)4060055-5 |0 (DE-627)106141015 |0 (DE-576)209133600 |2 gnd |a Tiefenpsychologie |
| 689 | 1 | 1 | |d s |0 (DE-588)4059758-1 |0 (DE-627)104131446 |0 (DE-576)209132159 |2 gnd |a Theologie |
| 689 | 1 | |5 DE-101 | |
| 689 | 2 | 0 | |d s |0 (DE-588)4060055-5 |0 (DE-627)106141015 |0 (DE-576)209133600 |2 gnd |a Tiefenpsychologie |
| 689 | 2 | |5 (DE-627) | |
| 689 | 3 | 0 | |d s |0 (DE-588)4060055-5 |0 (DE-627)106141015 |0 (DE-576)209133600 |2 gnd |a Tiefenpsychologie |
| 689 | 3 | 1 | |d s |0 (DE-588)4059758-1 |0 (DE-627)104131446 |0 (DE-576)209132159 |2 gnd |a Theologie |
| 689 | 3 | |5 (DE-627) | |
| 787 | 0 | 8 | |i Rezension |a Raguse, Hartmut, 1941 - |t Obrist, Willy, Tiefenpsychologie und Theologie |d 1994 |w (DE-627)1462591256 |w (DE-576)392591251 |
| 787 | 0 | 8 | |i Rezension |a Biesinger, Albert, 1948 - |t Obrist, Willy, Tiefenpsychologie und Theologie |d 1995 |w (DE-627)142457336X |w (DE-576)354573365 |
| 787 | 0 | 8 | |i Rezensiert in |a Raguse, Hartmut, 1941 - |t Obrist, Willy, Tiefenpsychologie und Theologie |d 1994 |w (DE-627)1521149992 |w (DE-576)451149998 |
| 935 | |a mteo |a JALB | ||
| 935 | |i Blocktest | ||
| 936 | r | v | |a BT 5410 |b Tiefenpsychologie und Pastoraltheologie |k Theologie und Religionswissenschaften |k Pastoraltheologie und Missionswissenschaft |k Psychologie als Hilfswissenschaft der Pastoraltheologie |k Sonderdarstellungen |k Tiefenpsychologie und Pastoraltheologie |0 (DE-627)1270653296 |0 (DE-625)rvk/16761: |0 (DE-576)200653296 |
| 936 | r | v | |a BH 3460 |b Tiefenpsychologische Hermeneutik |k Theologie und Religionswissenschaften |k Evangelische Dogmatik |k Spezielle Dogmatik |k Spezielle Hermeneutik (Bibelauslegung) |k Tiefenpsychologische Hermeneutik |0 (DE-627)1272615073 |0 (DE-625)rvk/11666: |0 (DE-576)202615073 |
| 936 | b | k | |a 11.06 |j Religionspsychologie |0 (DE-627)106404210 |
| 951 | |a BO | ||
| ELC | |b 1 | ||
| ITA | |a 1 |t 1 | ||
| LOK | |0 000 xxxxxcx a22 zn 4500 | ||
| LOK | |0 001 320766041X | ||
| LOK | |0 003 DE-627 | ||
| LOK | |0 004 127388362 | ||
| LOK | |0 005 20020413000000 | ||
| LOK | |0 008 940126||||||||||||||||ger||||||| | ||
| LOK | |0 040 |a DE-21 |c DE-627 |d DE-21 | ||
| LOK | |0 852 |a DE-21 | ||
| LOK | |0 852 1 |c 33 A 20168 |9 00 | ||
| LOK | |0 935 |a theo | ||
| LOK | |0 936ln |a t1 | ||
| LOK | |0 939 |a 26-01-94 |b l01 | ||
| LOK | |0 000 xxxxxcx a22 zn 4500 | ||
| LOK | |0 001 4577988623 | ||
| LOK | |0 003 DE-627 | ||
| LOK | |0 004 127388362 | ||
| LOK | |0 005 20240909112639 | ||
| LOK | |0 008 240909||||||||||||||||ger||||||| | ||
| LOK | |0 040 |a DE-Tue135 |c DE-627 |d DE-Tue135 | ||
| LOK | |0 092 |o n | ||
| LOK | |0 852 |a DE-Tue135 | ||
| LOK | |0 852 1 |9 00 | ||
| LOK | |0 866 |x SPQUE#Johannes a Lasco Bibliothek | ||
| LOK | |0 935 |a JALB | ||
| LOK | |0 939 |a 09-09-24 |b l01 | ||
| ORI | |a SA-MARC-ixtheoa001.raw | ||
| REL | |a 1 | ||
| STA | 0 | 0 | |a Depth psychology,Tiefenpsychologie,Psychoanalytic theory,Analytic psychology,Theology,Theology |
| STB | 0 | 0 | |a Psychologie des profondeurs,Théologie,Théologie |
| STC | 0 | 0 | |a Psicología profunda,Teología,Teología |
| STD | 0 | 0 | |a Psicologia del profondo,Teologia,Teologia |
| STE | 0 | 0 | |a 深层心理学,深蕴心理学,神学家 |
| STF | 0 | 0 | |a 深層心理學,深蘊心理學,神學家 |
| STG | 0 | 0 | |a Psicologia profunda,Teologia,Teologia |
| STH | 0 | 0 | |a Богословие (мотив),Богословие,Глубинная психология |
| STI | 0 | 0 | |a Θεολογία (μοτίβο),Θεολογία,Ψυχολογία του βάθους |
| SUB | |a REL | ||
| SYG | 0 | 0 | |a Christliche Theologie , Christliche Theologie |



